00555nai a2200157Ia 4500003000900000008004100009022002200050022002300072040001600095245006100111260003400172310001200206362002600218521006900244856008400313IN-BaIIA211028c9999 xx s 000 0 eng d a0098-8847 (Print) a1096-9845 (Online) cIIA Library 0aEarthquake Engineering & Structural Dynamicsh[eJournal] aNew JerseybJohn Wiley & Sons a15/year a25(1); 1996 - Present bSubscribed through National Knowledge Resource Consortium (NKRC) uhttps://onlinelibrary.wiley.com/journal/10969845yClick Here to Access eJournal